Wszyscy piłkarze FC Barcelony na 23.08.2024 - Statystyki

Ogólne statystyki
  • Ten quiz został rozwiązany 120 razy
  • Średni wynik to 9 z 32
Statystyki odpowiedzi
Pozycja/numer/kraj pochodzenia piłkarz wiek % Poprawnych
Napastnik 9 Polska Robert Lewandowski 36
98%
Napastnik 19 Hiszpania Lamine Yamal 17
80%
Napastnik 11 Brazylia Raphinha 27
64%
Pomocnik 8 Hiszpania Pedri 21
62%
Pomocnik 6 Hiszpania Gavi 20
60%
Obrońca 4 Urugwaj Ronald Araujo 25
44%
Napastnik ? Hiszpania Ferran Torres 24
42%
Napastnik 31 Hiszpania Ansu Fati 21
36%
Pomocnik ? Hiszpania Dani Olmo 26
36%
Obrońca 23 Francja Jules Kounde 25
36%
Bramkarz 1 Niemcy Marc-Andre ter Stegen 32
36%
Napastnik 18 Hiszpania Pau Victor 22
33%
Pomocnik 17 Hiszpania Marc Casado 20
30%
Pomocnik 32 Hiszpania Fermin Lopez 21
29%
Bramkarz 13 Hiszpania Inaki Pena 25
29%
Obrońca 3 Hiszpania Alejandro Balde 20
24%
Pomocnik 21 Holandia Frankie de Jong 27
23%
Obrońca 32 Hiszpania Hector Fort 18
23%
Obrońca 5 Hiszpania Inigo Martinez 33
20%
Pomocnik 28 Hiszpania Marc Bernal 17
20%
Obrońca 24 Hiszpania Eric Garcia 23
18%
Napastnik 17 Brazylia Vitor Roque 19
18%
Pomocnik 14 Hiszpania Pablo Torre 21
14%
Trener Niemcy Hans-Dieter Flick 59
13%
Obrońca ? Francja Clement Lenglet 29
10%
Obrońca 29 Hiszpania Alex Valle 20
4%
Obrońca 25 Senegal Mikayil Faye 20
3%
Obrońca 36 Hiszpania Sergi Dominguez 19
3%
Obrońca 15 Dania Andreas Chriestenstein 28
0%
Bramkarz 36 Węgry Aron Yaakobisvili 18
0%
Obrońca 2 Hiszpania Pau Cubrasi 17
0%
Pomocnik 26 Hiszpania Pau Prim Coma 18
0%
Nie znaleziono quizów pasujących do podanych kryteriów
Rozkład punktacji
Procent ludzi z każdym wynikiem
Percentyl według liczby udzielonych odpowiedzi
Twoja historia wyników
Nie rozwiązałeś tego quizu